| 000 | 00518nam a2200193Ia 4500 | ||
|---|---|---|---|
| 001 | 13640 | ||
| 003 | GE_BSU | ||
| 008 | 181216s||||||||xx |||||||||||||| ||und|| | ||
| 020 | _a9770206495009 | ||
| 040 | _cGE_BSU | ||
| 245 | _aИммунология.Том 35. №5. Июль-Август 2014 | ||
| 245 | _cРед.Е.И.Константинова | ||
| 260 | _aМосква | ||
| 260 | _bМедицина | ||
| 260 | _c2014 | ||
| 300 | _a235-296 стр.29см. | ||
| 653 | _aИммунология. | ||
| 942 | _cCR | ||
| 999 |
_c46792 _d46792 |
||